[Event "Tres Cantos op 11th"]
[White "Campos Palacios, Daniel"]
[Black "Garcia Dorado, Alberto"]
[Site "Tres Cantos"]
[Round "5"]
[Result "1/2-1/2"]
[Date "2019.06.26"]
[WhiteElo "1972"]
[BlackElo "2206"]
[PlyCount "46"]
[EventDate "2019.06.22"]
[EventType "swiss"]
[EventRounds "9"]
[EventCountry "ESP"]
[SourceTitle "CBM 195 Extra"]
[Source "ChessBase"]
[SourceDate "2020.05.31"]
[SourceVersion "1"]
[SourceVersionDate "2020.05.31"]
[SourceQuality "1"]

1. e4 e6 2. d4 d5 3. Nd2 c5 4. exd5 Qxd5 5. dxc5 Bxc5 6. Ngf3 Nf6 7. Bc4 Qc6 8. Qe2 a6 9. 0-0 Nbd7 10. Nb3 b5 11. Bd3 Bb7 12. Na5 Qc7 13. Nxb7 Qxb7 14. Bg5 0-0 15. Ne5 Qb6 16. Nxd7 Nxd7 17. Rad1 f5 18. Bc4 Ne5 19. Bb3 Nc4 20. Bxc4 bxc4 21. Qxc4 Rac8 22. Qb3 Qxb3 23. cxb3 f4 1/2-1/2

[Event "Villalba op 3rd"]
[White "Alonso Abad, Enrique"]
[Black "Campos Palacios, Daniel"]
[Site "Villalba"]
[Round "6"]
[Result "1-0"]
[Date "2015.08.14"]
[WhiteElo "1999"]
[BlackElo "1914"]
[PlyCount "55"]
[EventDate "2015.08.09"]
[EventType "swiss"]
[EventRounds "9"]
[EventCountry "ESP"]
[SourceTitle "EXT 2024"]
[Source "ChessBase"]
[SourceDate "2023.10.10"]
[SourceVersion "1"]
[SourceVersionDate "2023.10.10"]
[SourceQuality "1"]

1. d4 Nf6 2. Nf3 e6 3. Bf4 b6 4. e3 Bb7 5. h3 c5 6. c3 Be7 7. Bd3 0-0 8. 0-0 Nc6 9. a4 h6 10. Nbd2 d5 11. Bh2 Ne8 12. Ne5 Nxe5 13. dxe5 f5 14. exf6 Nxf6 15. Qe2 Bd6 16. Bxd6 Qxd6 17. e4 Qf4 18. g3 Qg5 19. e5 Nd7 20. Rae1 Bc6 21. h4 Qe7 22. Qh5 Rfd8 23. g4 Nf8 24. g5 Qf7 25. Qd1 Qf4 26. gxh6 Qxh4 27. hxg7 Nh7 28. Nf3 1-0

[Event "Mostoles op 7th"]
[White "Dominguez Alcon, Victor"]
[Black "Campos Palacios, Daniel"]
[Site "Mostoles "]
[Round "2"]
[Result "1-0"]
[Date "2014.07.17"]
[WhiteElo "2167"]
[BlackElo "1917"]
[PlyCount "59"]
[EventDate "2014.07.16"]
[EventType "swiss"]
[EventRounds "9"]
[EventCountry "ESP"]
[SourceTitle "EXT 2015"]
[Source "ChessBase"]
[SourceDate "2014.11.20"]
[SourceVersion "1"]
[SourceVersionDate "2014.11.20"]
[SourceQuality "1"]

1. e4 c5 2. Nf3 g6 3. d4 Bg7 4. Nc3 Qa5 5. Be3 Nf6 6. Qd2 Nc6 7. d5 Nb4 8. e5 Ng4 9. Bf4 f6 10. e6 dxe6 11. d6 a6 12. h3 e5 13. 0-0-0 Be6 14. hxg4 0-0-0 15. g3 Rxd6 16. Qe1 Nc6 17. Rxd6 exd6 18. Bd2 Bxg4 19. Nd5 Qd8 20. Be2 Be6 21. c4 h5 22. Bd3 Bf7 23. Nh4 f5 24. Bc2 Ne7 25. Bg5 Bf8 26. f4 Bxd5 27. cxd5 Rg8 28. Nxg6 Rxg6 29. Bxf5+ Kb8 30. Bxg6 1-0

[Event "Tres Cantos op 4th"]
[White "Campos Palacios, Daniel"]
[Black "Erice Alonso, Santiago"]
[Site "Tres Cantos"]
[Round "6"]
[Result "0-1"]
[Date "2012.06.26"]
[WhiteElo "1896"]
[BlackElo "2010"]
[PlyCount "82"]
[EventDate "2012.06.21"]
[EventType "swiss"]
[EventRounds "9"]
[EventCountry "ESP"]
[SourceTitle "CBM 149 Extra"]
[Source "ChessBase"]
[SourceDate "2012.08.24"]
[SourceVersion "1"]
[SourceVersionDate "2012.08.24"]
[SourceQuality "1"]

1. e4 c5 2. Nf3 g6 3. d4 cxd4 4. Nxd4 Bg7 5. c4 Nc6 6. Be3 Nf6 7. Nc3 Ng4 8. Qxg4 Nxd4 9. Qd1 e5 10. Bd3 0-0 11. 0-0 d6 12. a4 Be6 13. Nb5 f5 14. Bxd4 exd4 15. exf5 Bxf5 16. Bxf5 Rxf5 17. Ra3 Qf6 18. Rd3 Rf8 19. Nxd4 Rxf2 20. Nf3 Rxf1+ 21. Kxf1 Qf4 22. Rxd6 Qxc4+ 23. Kg1 Bxb2 24. Rd8 Qc1 25. Kf2 Qxd1 26. Rxd1 Rf7 27. Kg3 Kg7 28. Rd2 Bf6 29. h4 Rc7 30. Ng5 Re7 31. Kf4 h6 32. Nf3 Kf7 33. Rc2 a6 34. Rc5 Ke6 35. h5 Kd6 36. Rc2 gxh5 37. Kf5 Bg5 38. Nxg5 Re5+ 39. Kg6 hxg5 40. Kxh5 b5 41. axb5 axb5 0-1

[Event "Tres Cantos op 4th"]
[White "Campos Palacios, Daniel"]
[Black "Blanco Fuente, Carlos"]
[Site "Tres Cantos"]
[Round "4"]
[Result "1-0"]
[Date "2012.06.24"]
[WhiteElo "1896"]
[BlackElo "1658"]
[PlyCount "35"]
[EventDate "2012.06.21"]
[EventType "swiss"]
[EventRounds "9"]
[EventCountry "ESP"]
[SourceTitle "CBM 149 Extra"]
[Source "ChessBase"]
[SourceDate "2012.08.24"]
[SourceVersion "1"]
[SourceVersionDate "2012.08.24"]
[SourceQuality "1"]

1. e4 c6 2. Nc3 d5 3. Nf3 dxe4 4. Nxe4 Bf5 5. Ng3 Bg6 6. h4 h6 7. Ne5 Bh7 8. Qh5 g6 9. Bc4 e6 10. Qe2 Qc7 11. d4 Bd6 12. Bf4 Qe7 13. Ne4 Bxe5 14. dxe5 b6 15. 0-0-0 Nd7 16. Nd6+ Kf8 17. Qf3 Nb8 18. Rd2 1-0

[Event "Tres Cantos op 4th"]
[White "Alvarez Abejon, Amilcar"]
[Black "Campos Palacios, Daniel"]
[Site "Tres Cantos"]
[Round "3"]
[Result "1-0"]
[Date "2012.06.23"]
[WhiteElo "2074"]
[BlackElo "1896"]
[PlyCount "97"]
[EventDate "2012.06.21"]
[EventType "swiss"]
[EventRounds "9"]
[EventCountry "ESP"]
[SourceTitle "CBM 149 Extra"]
[Source "ChessBase"]
[SourceDate "2012.08.24"]
[SourceVersion "1"]
[SourceVersionDate "2012.08.24"]
[SourceQuality "1"]

1. e4 c5 2. Nf3 e6 3. c3 Nf6 4. e5 Nd5 5. g3 d6 6. exd6 Bxd6 7. Bg2 Nc6 8. 0-0 0-0 9. d4 cxd4 10. Nxd4 Be5 11. Nxc6 bxc6 12. Qe2 Bf6 13. Rd1 Qb6 14. Nd2 Ba6 15. Qf3 Rad8 16. Ne4 Be5 17. h4 h6 18. Qh5 Nf6 19. Nxf6+ Bxf6 20. Rxd8 Rxd8 21. Qf3 Rd5 22. Bxh6 Rf5 23. Be3 Qxb2 24. Qd1 Be2 25. Qc1 Qxc3 26. Qxc3 Bxc3 27. Rc1 Bf6 28. Rxc6 Ra5 29. Rc8+ Kh7 30. Be4+ g6 31. Rc7 Kg7 32. Rxa7 Rxa7 33. Bxa7 Bd8 34. f4 f5 35. Bc6 Ba5 36. Kf2 Bc4 37. a4 Kh6 38. Bb5 Bb3 39. Bc5 Bd5 40. Bf8+ Kh7 41. Ke2 Kg8 42. Ba3 Kf7 43. Bc1 Kg7 44. Bd2 Bxd2 45. Kxd2 Kh6 46. a5 e5 47. fxe5 g5 48. hxg5+ Kxg5 49. Ke3 1-0

[Event "Madrid Oliver Gonzalez Memorial 2nd"]
[White "Garcia Donoso, Alberto"]
[Black "Campos Palacios, Daniel"]
[Site "Madrid"]
[Round "4"]
[Result "1-0"]
[Date "2011.10.11"]
[WhiteElo "1744"]
[BlackElo "1958"]
[PlyCount "55"]
[EventDate "2011.10.08"]
[EventType "swiss"]
[EventRounds "9"]
[EventCountry "ESP"]
[SourceTitle "CBM 144 Extra"]
[Source "ChessBase"]
[SourceDate "2011.10.28"]
[SourceVersion "1"]
[SourceVersionDate "2011.10.28"]
[SourceQuality "1"]

1. e4 c5 2. Nc3 e6 3. g3 d5 4. d3 Be7 5. Bg2 dxe4 6. Nxe4 Nf6 7. Nxf6+ Bxf6 8. c3 0-0 9. Be4 Qc7 10. h4 Be7 11. Nh3 f5 12. Ng5 Bxg5 13. hxg5 fxe4 14. Bf4 Qf7 15. dxe4 Nc6 16. Qc2 e5 17. Be3 b6 18. f4 g6 19. Rh6 Bg4 20. Qh2 Rad8 21. Qh4 Be6 22. Kf2 Qd7 23. Rh1 Rf7 24. Rxg6+ Rg7 25. Qxh7+ Kf8 26. Rf6+ Rf7 27. Qh6+ Ke7 28. Rxf7+ 1-0

[Event "Madrid Oliver Gonzalez Memorial 2nd"]
[White "Campos Palacios, Daniel"]
[Black "Martinez Miura, Enrique"]
[Site "Madrid"]
[Round "3"]
[Result "1/2-1/2"]
[Date "2011.10.09"]
[WhiteElo "1958"]
[BlackElo "1713"]
[PlyCount "54"]
[EventDate "2011.10.08"]
[EventType "swiss"]
[EventRounds "9"]
[EventCountry "ESP"]
[SourceTitle "CBM 144 Extra"]
[Source "ChessBase"]
[SourceDate "2011.10.28"]
[SourceVersion "1"]
[SourceVersionDate "2011.10.28"]
[SourceQuality "1"]

1. e4 e6 2. d4 d5 3. Nc3 Nf6 4. e5 Nfd7 5. Nf3 c5 6. dxc5 Bxc5 7. Bd3 Nc6 8. Bf4 Qb6 9. 0-0 Nd4 10. a3 a6 11. Ng5 g6 12. Na4 Qc7 13. Nxc5 Nxc5 14. Bxg6 hxg6 15. Qxd4 Bd7 16. Rfe1 Rc8 17. Re3 Qd8 18. Rf3 Qe7 19. Rc3 Rh4 20. g3 Qxg5 21. Qd2 Rxf4 22. Qxf4 Qxf4 23. gxf4 Ne4 24. Rxc8+ Bxc8 25. Rd1 Nc5 26. b3 b5 27. f3 Bb7 1/2-1/2